000 01720nam a2200337 i 4500
003 DO-SdBPM
005 20260602100521.0
007 ta
008 251007b2003 dr a |||| 00| 0 spa d
020 _a999345544X
040 _aDO-SdBPM
_bspa
_cBPMSU
_erda
041 _aspa
082 0 4 _a RD861.5
_bT225c 2003
_222
100 1 _aTaulé Paiewonsky, Ginny
_eautor
_4aut.
245 1 0 _aCatársis de tinta /
_cGinny Taulé Paiewonsky ; diseño, Lourdes Periche Agencia Creativa ; diseño de portada, Lourdes Periche ; fotos, Nicole Sánchez.
250 _aPrimera edición
264 _aSanto Domingo, República Dominicana :
_bEditora Corripio,
_c2003.
300 _a69 páginas ;
_bilustraciones ;
_c26 cm.
336 _atexto
_btxt
_2rdacontent
337 _asin mediación
_bn
_2rdamedia
338 _avolumen
_bnc
_2rdacarrier
505 0 _aLlena. Catársis de tinta, 13 -- Vivir a medias, 15 -- Loba feroz, 17 -- Soledad, 19 -- Sombrilla, 20 -- Ser y estar, 21 -- Adiós, 23 -- Con palabras, 27 -- Valor, 29 -- Presagio, 31 -- Secreto, 33 -- Celebración, 35 -- Evocación medieval, 36 -- Taquicardia, 37 -- Mea culpa, 38 -- Vestida de aliento, 39 -- Una en mil, 43 -- Adelante, 45 -- Mi trébol, 47 -- Un ser simple, 49 -- Certezas, 50 -- Cómplice, 51 -- Despedida, 55 -- Corazón, 57 -- Rutina, 59 -- Último encuentro, 61 -- Respuesta, 62 -- Afirmaciones, 63 --Desdichado, 65 -- Hermes y Hestia, 67
590 _aInventariado, 2026 /VM
650 7 _aPoesía dominicana
650 7 _aLiteratura dominicana
651 _2
700 1 _aPeriche, Lourdes,
_ediseñador
_4di.
700 1 _aSánchez, Nicole,
_d1971-
_efotógrafos
_4fot.
910 _aVmateo V. Control de calidad. BPMSU
942 _2ddc
_cBK
999 _c15893
_d15893